000 00830nam a2200205 a 4500
001 BRCA_133
005 20190320202908.0
008 250805s1997----mx-a---f##---#000-0#spa-#
020 _a9682999510
050 4 _aTX641
_b.L46 1997
100 1 _aLeón García, María del Carmen
_9528
245 1 0 _aEl libro de Dominga de Guzmán
_bun documento personal del siglo XVIII
_cMaría del Carmen León García.
260 _aMéxico
_bCONACULTA, Dirección General de Culturas Populares
_c1997
300 _a155 p., [3] láminas dobladas
_bil., mapas, facsímiles
_c28 cm.
504 _aBibliografía: p. 147-155
600 1 4 _aGuzmán, Dominga de
_tRecetario de doña Dominga de Guzmán
_9529
650 1 4 _aCocina mexicana
_xHistoria
_ySiglo XVIII
_9530
650 1 4 _aHábitos alimenticios
_xHistoria
_ySiglo XVIII
_zMéxico
_9531
942 _2lcc
_cB
999 _c116
_d116